| Tag |
First Indicator |
Second Indicator |
Subfields |
| LEADER |
00000nam a2200000 i 4500 |
| 001 |
in00005610821 |
| 006 |
m o d f |
| 007 |
cr ||||||||||| |
| 008 |
241121s2024 dcua ob f000 0 eng c |
| 005 |
20241219165757.4 |
| 035 |
|
|
|a (OCoLC)on1472832974
|
| 040 |
|
|
|a GPO
|b eng
|e rda
|e pn
|c GPO
|d MvI
|
| 042 |
|
|
|a pcc
|
| 043 |
|
|
|a aw-----
|a a-cc---
|
| 049 |
|
|
|a WWW
|
| 074 |
|
|
|a 1089-A-11 (online)
|
| 086 |
0 |
|
|a Y 3.2:C 44/C 83/3
|
| 110 |
2 |
|
|a U.S.-China Economic and Security Review Commission,
|0 https://id.loc.gov/authorities/names/no2004005041
|e author.
|
| 245 |
1 |
0 |
|a Hearing on China and the Middle East :
|b hearing before the U.S-China Economic and Security Review Commission, One Hundred Eighteenth Congress, second session, Friday, April 19, 2024.
|
| 264 |
|
1 |
|a Washington :
|b U.S.-China Economic and Security Review Commission,
|c 2024.
|
| 300 |
|
|
|a 1 online resource (3 unnumbered pages, 182 pages) :
|b color illustrations
|
| 336 |
|
|
|a text
|b txt
|2 rdacontent
|
| 337 |
|
|
|a computer
|b c
|2 rdamedia
|
| 338 |
|
|
|a online resource
|b cr
|2 rdacarrier
|
| 500 |
|
|
|a "Printed for use of the U.S.-China Economic and Security Review Commission."
|
| 500 |
|
|
|a Hearing transcript.
|
| 500 |
|
|
|a In scope of the U.S. Government Publishing Office Catalog and Indexing Program (C&I) and Federal Depository Library Program (FDLP).
|
| 500 |
|
|
|a GPO Cataloging Record Distribution Program (CRDP).
|
| 504 |
|
|
|a Includes bibliographical references.
|
| 588 |
|
|
|a Description based on online resource; title from PDF caption (USCC, viewed Nov. 20, 2024).
|
| 650 |
|
0 |
|a Petroleum industry and trade
|z Middle East.
|
| 650 |
|
0 |
|a Gas industry
|z Middle East.
|
| 650 |
|
0 |
|a Petroleum industry and trade
|z China.
|
| 650 |
|
0 |
|a Gas industry
|z China.
|
| 650 |
|
0 |
|a Energy policy
|z China.
|
| 651 |
|
0 |
|a China
|x Commerce
|z Middle East.
|
| 651 |
|
0 |
|a Middle East
|x Commerce
|z China.
|
| 856 |
4 |
0 |
|u https://purl.fdlp.gov/GPO/gpo234691
|t 0
|
| 999 |
f |
f |
|i 83221667-75c1-4181-af80-f465cb0f9b3f
|s 05db4ea9-9280-4492-b312-0e968e4c9a68
|t 0
|
| 952 |
f |
f |
|a Texas A&M University
|b College Station
|c Electronic Resources
|d Available Online
|t 0
|e Y 3.2:C 44/C 83/3
|h Superintendent of Documents classification
|
| 998 |
f |
f |
|a Y 3.2:C 44/C 83/3
|t 0
|l Available Online
|